000
00274nam a2200097Ia 4500
008
240331s9999 xx 000 0 und d
082
_a
303.4
_b
JAY
100
_a
Jayawardena, K
245
0
_a
Nobodies to somebodies :
_b
The Rise of the colonial bourgeoisie in Sri Lanka
942
_c
L
999
_c
1215
_d
1215